Fungal diagnostics : (Record no. 297845)
[ view plain ]
| 000 -LEADER | |
|---|---|
| fixed length control field | 00596nam a22001817a 4500 |
| 020 ## - INTERNATIONAL STANDARD BOOK NUMBER | |
| International Standard Book Number | 9781627032568 (hbk) |
| 082 ## - DEWEY DECIMAL CLASSIFICATION NUMBER | |
| Classification number | 616.9015 OCO/FU |
| 245 ## - TITLE STATEMENT | |
| Title | Fungal diagnostics : |
| Remainder of title | methods and protocols / |
| Statement of responsibility, etc. | edited by Louise O'Connor and Barry Glynn |
| 260 ## - PUBLICATION, DISTRIBUTION, ETC. (IMPRINT) | |
| Place of publication, distribution, etc. | New York : |
| Name of publisher, distributor, etc. | Humana Press, |
| Date of publication, distribution, etc. | 2013. |
| 300 ## - PHYSICAL DESCRIPTION | |
| Extent | xi, 215 p. : |
| Other physical details | ill. (some col.) |
| 490 ## - SERIES STATEMENT | |
| Series statement | Methods in molecular biology |
| 650 ## - SUBJECT ADDED ENTRY--TOPICAL TERM | |
| Topical term or geographic name as entry element | Mycology -- Laboratory Manuals. |
| 650 ## - SUBJECT ADDED ENTRY--TOPICAL TERM | |
| Topical term or geographic name as entry element | Diagnostic mycology |
| 650 ## - SUBJECT ADDED ENTRY--TOPICAL TERM | |
| Topical term or geographic name as entry element | Diagnostic Techniques and Procedures |
| 700 ## - ADDED ENTRY--PERSONAL NAME | |
| Personal name | O'Connor, Louise |
| 700 ## - ADDED ENTRY--PERSONAL NAME | |
| Personal name | Glynn, Barry |
| 942 ## - ADDED ENTRY ELEMENTS (KOHA) | |
| Koha item type | Books (General) |
| Withdrawn status | Lost status | Damaged status | Not for loan | Home library | Current library | Date acquired | Total Checkouts | Full call number | Barcode | Date last seen | Price effective from | Koha item type |
|---|---|---|---|---|---|---|---|---|---|---|---|---|
| College of Agriculture, Padannakkad | College of Agriculture, Padannakkad | 04/03/2014 | 616.9015 OCO/FU | KAU_COAP-09214 | 04/03/2014 | 04/03/2014 | Books (General) |
